El desnudo femenino en la pintura europea / (Record no. 149736)

MARC details
000 -LEADER
campo de control de longitud fija 00605nam a2200181 i 4500
001 - NÚMERO DE CONTROL
campo de control 149736
003 - IDENTIFICADOR DE NÚMERO DE CONTROL
campo de control ES-MaACL
005 - FECHA Y HORA DE LA ÚLTIMA TRANSACCIÓN
campo de control 20260201162640.0
007 - CAMPO FIJO DE DESCRIPCIÓN FÍSICA--INFORMACIÓN GENERAL
campo de control de longitud fija t|
008 - DATOS DE LONGITUD FIJA--INFORMACIÓN GENERAL
campo de control de longitud fija 071024s1957 sp ||||1| spa d
100 1# - ENTRADA PRINCIPAL--NOMBRE DE PERSONA
Nombre de persona Vaudoyer, Jean-Louis.
9 (RLIN) 113311
245 13 - MENCIÓN DEL TÍTULO
Título El desnudo femenino en la pintura europea /
Mención de responsabilidad, etc. Jean-Louis Vaudoyer ; [traducción del francés por Agustín Caballero Robredo].
260 ## - PUBLICACIÓN, DISTRIBUCIÓN, ETC.
Lugar de publicación, distribución, etc. Madrid :
Nombre del editor, distribuidor, etc. Aguilar,
Fecha de publicación, distribución, etc. 1957.
300 ## - DESCRIPCIÓN FÍSICA
Extensión 14 p., 142 lám. ;
Dimensiones 28 cm.
700 0# - ENTRADA AGREGADA--NOMBRE PERSONAL
Nombre de persona Caballero Robredo, Agustín
9 (RLIN) 33117
852 ## - LOCALIZACIÓN
Ubicación ES-MaACL
Número de control de estantería C-14134
Sublocalización o colección R.41517
Holdings
Estatus retirado Estado de pérdida Estado de daño No para préstamo Biblioteca de origen Biblioteca actual Ubicación en estantería Fecha de adquisición Fuente de adquisición Total de préstamos Signatura topográfica completa Código de barras Visto por última vez Precio de reemplazo Tipo de ítem Koha
        Biblioteca del Ateneo de Madrid Biblioteca del Ateneo de Madrid Sala Palomar 17/01/2008     C-14134 1156252 23/02/2023 23/02/2023 Libro impreso